000 00372nam a22001577a 4500
003 CEME
005 20210628205320.0
008 210309b xxu||||| |||| 00| 0 eng d
040 _c.
082 _a891.4391 SHA'M
100 _aShamim, Muhammad Zakir Brig
_974916
245 _aMehkar
260 _aRAWALPINDI
_bS.T. PRINTERS
_c1998
300 _a152P
942 _cBK
_2ddc
999 _c580415
_d580415